Top 30 : Werenoi - Statistiques

Statistiques générales
  • Ce quiz a été pris 923 fois
  • Le résultat moyen est 18 sur 30
Statistiques - réponses
Top Titres Featuring % Correct
14 Piano GIMS
88%
5 Pyramide Damso
87%
26 Triple V Damso, Ninho
83%
10 Maudit Hamza
81%
3 Chemin d'or
79%
7 Ciao Ninho
79%
17 Dans un verre SDM
77%
1 Laboratoire
77%
16 3 singes Ninho
76%
11 Mélanine Heuss L'enfoiré
70%
15 Tout seul Tiakola
65%
4 Tu connais
64%
22 CORDILLÈRE Maes
63%
2 Solitaire
62%
20 Escorte PLK
61%
23 Jamal
61%
19 Poney
60%
28 METALLICA SDM
59%
8 Pétunias
59%
21 Selfie Maes
58%
6 All eyes on me
49%
12 Mauvaise
48%
9 10.03.2023
46%
13 Scarface
46%
30 Senor de los Gallos Lacrim
44%
24 Location
34%
25 Grisaille
29%
29 Virus
26%
27 16.02.2024
24%
18 Vulgaire
20%
Aucun quiz correspondant
Distribution des résultats
% des personnes avec chaque résultat
Percentile par nombre de réponses
Votre historique - résultats
Vous n’avez pas pris ce quiz